| 000 | 01053nam a2200313Ic 4500 | ||
|---|---|---|---|
| 001 | 58037 | ||
| 003 | CO-BoRNBP | ||
| 005 | 20250814203155.0 | ||
| 007 | ta | ||
| 008 | 180109s2017 sp g 000 0 spa | ||
| 020 | _a9788499424392 | ||
| 040 |
_aCO-BoRNBP _bspa _erda _cCO-BoRNBP |
||
| 041 | _aspa | ||
| 082 | 0 | 4 |
_a390.0945 _bG35q |
| 100 |
_aGinzburg, Carlo, _d1939- _eaut _962300 |
||
| 245 | 1 | 3 |
_aEl queso y los gusanos : _bel cosmos según un molinero del siglo XVI / _cCarlo Ginzburg ; traducción de Francisco Martín y Francisco Cuartero. |
| 250 | _aPrimera edición | ||
| 264 | 1 |
_aBarcelona, España : _bEdiciones Península, _c2017 |
|
| 300 | _a299 páginas | ||
| 336 |
_atexto _btxt _2rdacontent |
||
| 337 |
_asin mediación _bn _2rdamedia |
||
| 338 |
_avolumen _bnc _2rdacarrier |
||
| 500 | _aIncluye información biográfica del autor | ||
| 650 | 0 | 7 |
_aCultura popular _2lemb _913878 |
| 650 | 0 | 7 |
_aTierra _2lemb _959845 |
| 700 |
_aCuartero, Francisco _etrl _962301 |
||
| 700 |
_aMartín, Francisco, traductor _etrl _962302 |
||
| 942 |
_2ddc _cBK |
||
| 999 |
_c58037 _d58037 |
||